000 00660nam a2200241Ia 4500
003 OSt
005 20220926014510.0
006 a|||||r|||| 00| 0
007 ta
008 220923b |||||||| |||| 00| 0 eng d
037 _cGeneral Book
040 _aRTL
_cRTL
_beng
041 _2eng
_aeng
082 _aY:3217.73.N7, L4
100 _aBowman Henry A
_9320712
245 0 _aMarriage for moderns
250 _a7th
260 _aNew York
_bMcGraw-Hill
_c1974
300 _ax,529p
_ccm.
500 _aBibliography chapterwise and P 475-501
942 _hY:3217.73.N7, L4
_cGB
_2CC
999 _c629161
_d629161